000 00673nam a2200241Ia 4500
003 OSt
005 20220925212433.0
006 a|||||r|||| 00| 0
007 ta
008 220923b |||||||| |||| 00| 0 eng d
037 _cGeneral Book
040 _aRTL
_cRTL
_beng
041 _2eng
_aeng
082 _aY:675, L4
100 _aTitmuss Richard M
_9120863
245 0 _aSocial policy
_b An introduction Ed by Brian Abel-Sm
260 _aLondon
_bAllen & Unwin
_c1974
300 _a160p
_ccm.
500 _aBibliography: p 152-156
650 _aSocial Change
942 _hY:675, L4
_cGB
_2CC
999 _c560348
_d560348